000 00694nam a22002293 4500
001 24146
003 BD-RjUL
005 20211209001020.0
008 140312s1963 nyua 000 0 eng
035 _a(BD-RjUL)24212
040 _aDLC
_cDLC
_beng
_dBD-RjUL
041 _aeng
082 0 0 _a365.4
_bTHI 1963
100 1 _aThomsen, Alexander.
_974394
245 1 0 _aIn the name of humanity.
_cAlexander Thomsen ; Translated and adapted from the Danish by Maurice Michel.
260 _aNew York :
_bDutton,
_c1963.
300 _avii, 229 p. :
_billus.
_c22 cm.
650 0 _aConcentration camps
_zSoviet Union.
_916506
942 _2ddc
_cBK
999 _c24146
_d24146